000 01251nam a22003377a 4500
003 CHAP
005 20220329143423.0
008 090605s2008 mx r 00010 spa d
010 _a96320
011 _a97292
035 _a107956
040 _cCHAP
082 0 0 _a304.60210972
_bM98 2008
110 0 _aInstituto Nacional de Estadística, Geografía e Informática. México
_959304
245 1 0 _aLey del sistema nacional de información estadística y geográfica
_c/por Instituto Nacional de Estadística, Geografía e Informática
250 _a2 ed.
260 _aAgs., Méx. :
_bINEGI,
_c2008
300 _a84 p.
590 _aBATCH-UPD
_b10
_c20130110
_lUCH01
_h0237
590 _aBATCH-UPD
_b10
_c20130110
_lUCH01
_h1303
590 _aBATCH-UPD
_b10
_c20130409
_lUCH01
_h2303
590 _aBATCH-UPD
_b10
_c20130914
_lUCH01
_h1325
590 _aCONVERSION
_b10
_c20130109
_lUCH01
_h1353
650 1 4 _aEstadística
_xLeyes.
_938252
650 1 4 _aSistema de información.
_9106707
901 _aBK
911 _aen proceso
942 _cLIBRO
949 _a304.60210972 M98 2008
_bBC
_cLIBRO
_d33724002096736
_eLIBRO
_gDonaciØn
_h110807
_i107956
_sb
949 _a304.60210972 M98 2008
_bBC
_cLIBRO
_d33724002096777
_eLIBRO
_fc.2
_gDonaciØn
_h110957
_i107956
_st
999 _c96320
_d96320